Формообразование большепролетных пространственных покрытий. Ч. 1 (Запись № 6456918)

Подробности
000 -МАРКЕР
контрольное поле 01402nam2a22002411 4500
001 - ИДЕНТИФИКАТОР ЗАПИСИ
контрольное поле rc\166565
005 - ИДЕНТИФИКАТОР ВЕРСИИ
контрольное поле 20250621061521.0
035 ## - ДРУГИЕ СИСТЕМНЫЕ НОМЕРА
Идентификатор записи (NLR Aleph) 005616202
100 ## - ДАННЫЕ ОБЩЕЙ ОБРАБОТКИ
Данные общей обработки 20030307d1996 |||y0rusy50 ca
101 0# - ЯЗЫК РЕСУРСА
Язык текста, звукозаписи и т.д. русский
102 ## - СТРАНА ПУБЛИКАЦИИ ИЛИ ПРОИЗВОДСТВА
Страна публикации Российская Федерация
105 ## - ПОЛЕ КОДИРОВАННЫХ ДАННЫХ: ТЕКСТОВЫЕ МАТЕРИАЛЫ, МОНОГРАФИЧЕСКИЕ
Кодированные данные о монографическом текстовом документе a |||||||||
200 0# - ЗАГЛАВИЕ И СВЕДЕНИЯ ОБ ОТВЕТСТВЕННОСТИ
Основное заглавие Ч. 1
210 ## - ПУБЛИКАЦИЯ, РАСПРОСТРАНЕНИЕ И ДР.
Дата издания, распространения и т.д. 1996
Место издания, распространения и т.д. Б. м.
215 ## - ФИЗИЧЕСКАЯ ХАРАКТЕРИСТИКА
Специфическое обозначение материала и объем 30 с.
Другие сведения о физической характеристике ил.
320 ## - ПРИМЕЧАНИЯ О НАЛИЧИИ В ДОКУМЕНТЕ БИБЛИОГРАФИИ / УКАЗАТЕЛЯ
Текст примечания Библиогр.: с. 29
461 #0 - УРОВЕНЬ НАБОРА
Встроенное поле 001rc\166564
-- 2001#$aФормообразование большепролетных пространственных покрытий$eУчеб. пособие$e[Для студентов спец. 29.01]$fИ.Н. Мишанин, А.Г. Гаврилов, Т.А. Мишанина$gГос. ком. Рос. Федерации по высш. образованию. Пенз. гос. архит.-строит. ин-т$vЧ. 1
-- 700#1$aМишанин$bИ.Н.$gИван Никифорович
Системный номер (АБИС) связанной записи 6456912
Автор Мишанин, И.Н.
Место публикации Пенза
Дата публикации 1996
Первые сведения об ответственности И.Н. Мишанин, А.Г. Гаврилов, Т.А. Мишанина
Имя издателя, распространителя и т.д. Пенз. гос. архит.-строит. ин-т
Сведения, относящиеся к заглавию Учеб. пособие : [Для студентов спец. 29.01]
Заглавие Формообразование большепролетных пространственных покрытий
Номер тома Ч. 1
801 #0 - ИСТОЧНИК ЗАПИСИ
Страна Российская Федерация
Организация NLR
Правила каталогизации psbo
801 #1 - ИСТОЧНИК ЗАПИСИ
Страна Российская Федерация
Организация ELAR
Источник данных rusmarc
852 ## - МЕСТОНАХОЖДЕНИЕ И ШИФР ХРАНЕНИЯ
Идентификатор организации NLR
Шифр хранения (Call Number) 97-6/46
942 ## - ДОПОЛНИТЕЛЬНЫЕ ЭЛЕМЕНТЫ ЗАПИСИ (АБИС)
Тип экземпляра АБИС Книга
980 ## - КОЛЛЕКЦИЯ
Название коллекции Национальная библиография
Экземпляры
Тип экземпляра Дата поступления Библиотека постоянного хранения Библиотека текущего хранения Место хранения Шифр хранения Штрих-код Статус экземпляра
Книга 26.10.2013 РНБ (Московский) РНБ (Московский) Русский книжный фонд: издания с 1957 года 97-6/46 5616202-10